000 00448cam a2200193ua 4500
001 4090
005 20260515113758.0
008 111214n ii |||gr||||Z||||||asm
040 _cMAIN
082 _a891.4511
100 1 _aSabhapandit, M. N.,
245 1 1 _aSurar nijara
_cby M. N. Sabhapandit
250 _a1st.
260 _aJorhat:
_bBook House,965.
300 _a41p:5cm.
653 _aAssamese poem
653 _aSurar nijara
942 _cBK
999 _c3909
_d3909